ICE Manual of Construction Law (Record no. 112268)

MARC details
000 -LEADER
fixed length control field 02529cam a22002295a 4500
001 - CONTROL NUMBER
control field L152924
008 - FIXED-LENGTH DATA ELEMENTS--GENERAL INFORMATION
fixed length control field 110516s2010 xxk f 000 0 eng d
020 ## - INTERNATIONAL STANDARD BOOK NUMBER
International Standard Book Number 9780727741745
035 ## - SYSTEM CONTROL NUMBER
System control number (Sirsi) u152924
041 0# - LANGUAGE CODE
Language code of text/sound track or separate title eng
110 2# - MAIN ENTRY--CORPORATE NAME
Corporate name or jurisdiction name as entry element Institute of Civil Engineers
9 (RLIN) 5948
245 00 - TITLE STATEMENT
Title ICE Manual of Construction Law
Medium [electronic resource]
260 ## - PUBLICATION, DISTRIBUTION, ETC.
Place of publication, distribution, etc. London
Name of publisher, distributor, etc. ICE
Date of publication, distribution, etc. 2010
300 ## - PHYSICAL DESCRIPTION
Extent eBook
490 #0 - SERIES STATEMENT
Series statement ICE manuals series
505 2# - FORMATTED CONTENTS NOTE
Formatted contents note Section 1: Legal issues arising during the course of the construction project -- 1 The planning system -- 2 Financing the project -- 3 Public sector projects -- 4 Public?private sector partnerships -- 5 Facilities management contracts -- 6 Procurement route -- 7 The construction contract -- 8 Tender process -- 9 Construction insurance -- 10 Bonds, parent company guarantees and other security -- 11 Ways of operating -- 12 Joint ventures -- 13 International offices -- 14 The consulting engineer's appointment -- 15 Collateral warranties -- Section 2: Operational issues in an engineering practice -- 16 Professional indemnity insurance -- 17 Employment law -- 18 Intellectual property --Section 3: General law -- 19 The law of contract -- 20 Construction health and safety I: Enforcement, HSW Act and management duties -- 21 Construction health and safety II: Industry and hazard-specific regulations, work equipment and workplace safety -- 22 Insolvency in construction -- 23 Law of tort -- 24 Environmental issues -- Section 4: Construction disputes -- 25 Administration of claims -- 26 Litigation for the construction industry -- 27 Arbitration -- 28 Adjudication -- 29 Alternative dispute resolution.
520 ## - SUMMARY, ETC.
Summary, etc. This eBook is the essential legal reference for all construction professionals. Previously published as the annual ICE construction law handbook, ICE manual of construction law has been thoroughly revised and extended, to deliver practical guidance and a breadth of knowledge that is unrivalled by any other publication. Written for those without legal training, by acknowledged experts from within the construction industry and specialist construction law firms, the most important construction law issues are addressed: from planning, financing and procurement, through operational issues and general law, to claims and dispute resolution.
651 #4 - SUBJECT ADDED ENTRY--GEOGRAPHIC NAME
Geographic name ENGLAND AND WALES
690 ## - LOCAL SUBJECT ADDED ENTRY--TOPICAL TERM (OCLC, RLIN)
Topical term or geographic name as entry element BUILT ENVIRONMENT-CONSTRUCTION MANAGEMENT
856 40 - ELECTRONIC LOCATION AND ACCESS
Uniform Resource Identifier <a href="https://www.vlebooks.com/">https://www.vlebooks.com/</a>
Public note View on VLEbooks. Logins for members only from [email protected]
942 ## - ADDED ENTRY ELEMENTS (KOHA)
Suppress in OPAC 0
Holdings
Withdrawn status Lost status Source of classification or shelving scheme Damaged status Not for loan Home library Current library Shelving location Date acquired Total Checkouts Full call number Barcode Date last seen Copy number Price effective from Koha item type
    Dewey Decimal Classification     Virtual Virtual Online 16/05/2011   EBOOK 152924-1001 06/08/2019 1 06/08/2019 Book